Sauteurs à ski de France - Mort subite - Statistiques

Statistiques générales
  • Ce quiz a été pris 27 fois
  • Le résultat moyen est 6 sur 15
Answers on the Grid
Answers color-coded by a green-red scale on the quiz's grid according to % correct below.
Alessandro Batby
Ari Repellin
Ari-Pekka Nikkola
Bernart Solà
Emmanuel Chedal
Enzo Milesi
Erik Belshaw
Faustin Moureaux
Giovanni Bresadola
Isak Girmholm
Jack White
Jonathan Learoyd
Jules Cherwet
Julien Gay
Kamil Stoch
Karl Geiger
Killian Peier
Mathis Contamine
Nicolas Dessum
Qiwu Song
Robert Johansson
Roberto Cecon
Ronan Lamy Chappuis
Sam Bolton
Sebastién Woodbridge
Sergey Tkachenko
Simon Amman
Steve Collins
Valentin Fobert
Vincent Descombes Sevoie
 
Statistiques - réponses
Réponse % Correct
Emmanuel Chedal
58%
Julien Gay
58%
Mathis Contamine
58%
Valentin Fobert
58%
Vincent Descombes Sevoie
58%
Nicolas Dessum
53%
Ronan Lamy Chappuis
53%
Enzo Milesi
42%
Faustin Moureaux
42%
Jonathan Learoyd
37%
Jules Cherwet
37%
Alessandro Batby
32%
Ari Repellin
32%
Jack White
21%
Sebastién Woodbridge
5%
Aucun quiz correspondant
Distribution des résultats
% des personnes avec chaque résultat
Percentile par nombre de réponses
Votre historique - résultats
Vous n’avez pas pris ce quiz